| 000 | 00349nam a2200133Ia 4500 | ||
|---|---|---|---|
| 003 | PILC | ||
| 008 | 220421s2003 xx 000 0 und d | ||
| 040 | _cEARIST LIBRARY | ||
| 100 |
_aSantiago, Alfonso O. _91147 |
||
| 245 | 0 | _aSining ng Pagsasaling Wika(Ikatlong Edisyon) / | |
| 260 |
_aManila, _bRex : _c2003. |
||
| 999 |
_c2596 _d2596 |
||
| 942 |
_2ddc _cBK |
||